5-Border Countries Quiz Stats

 Plays Quiz Updated Jul 17, 2016

Challenge
Share
Tweet
Embed
Score 0/110 Timer 08:00
17 Plays Today
% Correct
Brazil
97.4%
Brazil
97.4%
Brazil
97.4%
Brazil
97.4%
Chile
95.9%
Chile
95.9%
Chile
95.9%
Peru
93.9%
Peru
93.9%
Bolivia
92.9%
Bolivia
92.9%
Germany
91.7%
Russia
91.2%
Russia
91.2%
France
90.2%
Paraguay
89.8%
Paraguay
89.8%
Italy
89.5%
Uruguay
88.7%
China
86.9%
China
86.9%
China
86.9%
Austria
85.6%
Austria
85.6%
Romania
85.1%
Turkey
85.1%
Turkey
85.1%
Turkey
85.1%
Argentina
84.9%
Colombia
83%
Greece
82.2%
Vietnam
82.2%
Greece
82.2%
Iraq
81.2%
Venezuela
81%
Serbia
80.5%
Serbia
80.5%
% Correct
Serbia
80.5%
Serbia
80.5%
Serbia
80.5%
Bulgaria
80.1%
Bulgaria
80.1%
Ecuador
80%
Ecuador
80%
Israel
79.9%
Hungary
79.8%
Hungary
79.8%
Hungary
79.8%
Iran
79.6%
Macedonia
79.2%
Czechia
79.2%
India
78.8%
Kazakhstan
77.9%
Thailand
77.8%
Thailand
77.8%
Kenya
77.5%
Uzbekistan
77.2%
Croatia
77.1%
Montenegro
76.5%
Slovenia
76.3%
Cambodia
74.8%
Jordan
74.5%
Georgia
74.4%
Uganda
74.3%
Democratic Republic of the Congo
73.8%
Democratic Republic of the Congo
73.8%
Myanmar
73.7%
Ukraine
73.4%
Ukraine
73.4%
Ethiopia
72.7%
Poland
71.6%
Turkmenistan
71.2%
Turkmenistan
71.2%
Somalia
70.8%
% Correct
South Sudan
70.5%
South Sudan
70.5%
Lebanon
70.4%
Laos
69.8%
Albania
68.9%
Albania
68.9%
Bosnia and Herzegovina
68.1%
Bosnia and Herzegovina
68.1%
Rwanda
67.8%
Armenia
67.6%
Afghanistan
66.2%
Ghana
65.5%
Tajikistan
65.1%
Central African Republic
65%
Kosovo
64.1%
Kosovo
64.1%
Tanzania
63.2%
Tanzania
63.2%
Kyrgyzstan
62.9%
Kyrgyzstan
62.9%
Panama
62.1%
Mali
62.1%
Mali
62.1%
Liechtenstein
61.1%
Bangladesh
60.6%
Moldova
59.2%
Guinea
58.4%
Guinea
58.4%
Liberia
57.4%
Cameroon
55.7%
The Gambia
53.3%
Burkina Faso
50.6%
Angola
49.3%
Mauritania
49%
Guinea-Bissau
48.9%
Gabon
46.8%

You're not logged in!

Compare scores with friends on all Sporcle quizzes.
Join for Free
OR
Log In

You Might Also Like...

Show Comments

Extras

Top Quizzes Today


Score Distribution

Your Account Isn't Verified!

In order to create a playlist on Sporcle, you need to verify the email address you used during registration. Go to your Sporcle Settings to finish the process.

Report this User

Report this user for behavior that violates our Community Guidelines.

Details: